Statistiques concernant Culture Générale - Série 587

Cliquez ici pour prendre le quiz!

Statistiques générales

  • Ce quiz a été pris 170 fois
  • Le résultat moyen est 6 sur 10

Statistiques - réponses

QuestionRéponse% Correct
A la fin des années 1980, au sein de quel trio comique devenu célèbre a-t-on pu découvrir Didier Bourdon ?Les Inconnus
91%
Complétez le proverbe suivant : "Araignée du matin, chagrin, araignée du soir...espoir
89%
Dans le sigle "UHT" sur certains packs de lait, que signifie la lettre "H" ?Haute
84%
De quel fruit la Montmorency est-elle une variété ?cerise
66%
Quel festival de théâtre, créé par Jean Vilar, a lieu au mois de juillet ?Le festival d'Avignon
57%
Dans quel célèbre opéra de Mozart peut-on entendre la Reine de la Nuit ?La Flûte enchantée
48%
Quel auteur britannique, d'origine indienne, a écrit "Les Versets sataniques" ?Salman Rushdie
40%
Quelle actrice formait le trio comique "Les Filles" avec Michèle Bernier et Isabelle de Botton ?Mimie Mathy
39%
A quel mot désignant un bleu intense se rapporte l'adjectif ultramarin ?outremer
32%
Sous quel nom le pianiste et chanteur américain Antoine Domino est-il plus connu ?Fats Domino
20%

Distribution des résultats

Percentile par nombre de réponses

% des personnes avec chaque résultat

Votre développement - résultats

Vous n’avez pas pris ce quiz